Asian Flags (including territories) - Statistics

General Stats
  • This quiz has been taken 11 times
  • The average score is 49 of 51
Answer Stats
Picture Answer % Correct
Afghanistan
100%
Bahrain
100%
Bangladesh
100%
Bhutan
100%
Brunei
100%
Cambodia
100%
China
100%
Georgia
100%
Hong Kong
100%
India
100%
Indonesia
100%
Iran
100%
Iraq
100%
Israel
100%
Japan
100%
Kazakhstan
100%
Kuwait
100%
Laos
100%
Lebanon
100%
Malaysia
100%
Maldives
100%
Mongolia
100%
Myanmar
100%
Nepal
100%
North Korea
100%
Pakistan
100%
Philippines
100%
Qatar
100%
Russia
100%
Saudi Arabia
100%
Singapore
100%
South Korea
100%
Sri Lanka
100%
Taiwan
100%
Tajikistan
100%
Turkmenistan
100%
United Arab Emirates
100%
Vietnam
100%
Armenia
90%
Azerbaijan
90%
Egypt
90%
Jordan
90%
Kyrgyzstan
90%
Oman
90%
Palestine
90%
Syria
90%
Timor-Leste
90%
Uzbekistan
90%
Yemen
90%
Macau
60%
Turkiye
60%
No matching quizzes found
Score Distribution
Percent of People with Each Score
Percentile by Number Answered
Your Score History
You have not taken this quiz